000 00580cam a2200193 4500500
005 20260405002539.0
041 _afre
042 _adc
100 1 0 _aEnjalbert, Cédric
_eauthor
245 0 0 _aPMA : faut-il souffrir pour être mère ?​
260 _c2017.
500 _a88
690 _aPMA
690 _aProcréation
690 _aRuwen Ogien
690 _aSociété
786 0 _nPhilosophie magazine | 114 | 11 | 2017-11-01 | p. 7-7 | 1951-1787
856 4 1 _uhttps://shs.cairn.info/magazine-philosophie-magazine-2017-11-page-7?lang=fr&redirect-ssocas=7080
999 _c2058750
_d2058750